Вып. 22 : Макроэкономическое моделирование; Вопросы республиканской автоматизированной системы управления (РАСУ)

Opis bibliograficzny
Parent link:Вопросы республиканской автоматизированной системы управления (РАСУ): сборник научных трудов/ Академия наук Узбекской ССР (АН УзССР). Вып. 22 : Макроэкономическое моделирование.— , 1976-1990
Kolejni autorzy: Кабулов В. К. Васил Кабулович (редактор)
Język:rosyjski
Wydane: 1980
Hasła przedmiotowe:
Format: Książka
KOHA link:https://koha.lib.tpu.ru/cgi-bin/koha/opac-detail.pl?biblionumber=335725

MARC

LEADER 00000nam2a2200000 4500
001 335725
005 20231102004800.0
035 |a (RuTPU)RU\TPU\book\362137 
035 |a RU\TPU\book\362136 
090 |a 335725 
100 |a 20171002d1980 k y0rusy50 ca 
101 0 |a rus 
102 |a UZ 
105 |a a z 001zy 
200 0 |a Вып. 22 : Макроэкономическое моделирование 
210 |d 1980 
215 |a 135 с.  |c ил. 
320 |a Библиогр. в конце ст. 
461 1 |0 (RuTPU)RU\TPU\book\218517  |t Вопросы республиканской автоматизированной системы управления (РАСУ)  |o сборник научных трудов  |f Академия наук Узбекской ССР (АН УзССР)  |v Вып. 22 : Макроэкономическое моделирование  |d 1976-1990 
606 1 |a Промышленные предприятия  |x Организация производства  |2 stltpush  |3 (RuTPU)RU\TPU\subj\52620  |9 71027 
610 1 |a автоматизация 
610 1 |a АСУ 
610 1 |a автоматизированные системы управления 
610 1 |a банки данных 
610 1 |a алгоритмы 
610 1 |a принятие решений 
610 1 |a экономико-математические модели 
610 1 |a имитационные модели 
610 1 |a прогнозные модели 
610 1 |a теория игр 
610 1 |a распределительные системы 
610 1 |a спрос 
610 1 |a потребление 
610 1 |a технологические карты 
675 |a 658.5  |v 4 
702 1 |a Кабулов  |b В. К.  |g Васил Кабулович  |4 340 
801 1 |a RU  |b 63413507  |c 20140110 
801 2 |a RU  |b 63413507  |c 20231009  |g RCR 
942 |c BK